000
00260nam a2200109Ia 4500
008
230125s9999 xx 000 0 und d
082
_b
GADD
100
_a
Gadda, G. R. Hasrat
245
0
_a
G. R. Santosh (In Kashmiri Language)
260
_b
2008
_c
2008
942
_c
BK
999
_c
332
_d
332